| 000 | 00456nam a22001457a 4500 | ||
|---|---|---|---|
| 008 | 230525b |||||||| |||| 00| 0 eng d | ||
| 040 |
_aNational Science Library _cNational Science Library |
||
| 080 |
_aR 331.96(73)(058.7) _bK2 |
||
| 245 |
_aNational directory of employment services _c/ Gale Research Company |
||
| 260 |
_aMichigan: _bGale Research Company, _c1962 |
||
| 300 | _a239p. | ||
| 650 | _aEconomics | ||
| 653 | _aEmpolyment | ||
| 942 |
_2udc _cREF |
||
| 999 |
_c34722 _d34722 |
||